| 000 | 00588nam a2200169Ia 4500 | ||
|---|---|---|---|
| 999 |
_c8139 _d8139 |
||
| 003 | OSt | ||
| 005 | 20210712102322.0 | ||
| 008 | 151021s9999 xx 000 0 und d | ||
| 020 | _a9290592133 | ||
| 040 |
_aMMU _beng _cMMU _dMMU |
||
| 050 | _aS 494.5 .A45P77 2007 | ||
| 245 |
_aProfitable Agroforestry Innovations for Eastern Africa Experience from 10 Agroclimatic Zones of Ethiopia, India Kenya Tanzania and Uganda / _cedited by Azene Bekele-Tesemma |
||
| 260 |
_aNairobi : _b Relma, _c2007. |
||
| 300 | _aix, 374 p. : | ||
| 650 | _a_ Profitable Agroforestry | ||
| 942 |
_2lcc _cLOAN LOAN |
||